Upražnenija po programmirovaniju na Fortrane 4

Saved in:
Bibliographic Details
Main Author: Lamoitier, Jean-Pierre
Format: Book
Language:Russian
Published: Moskva Mir 1978
Tags: Add Tag
No Tags, Be the first to tag this record!

MARC

LEADER 00000nam a2200000 4500
001 0215268
005 20240109105220.2
041 0 |a rus 
044 |a RU 
245 1 0 |a Upražnenija po programmirovaniju na Fortrane 4  |c Jean-Pierre Lamoitier 
264 1 |a Moskva  |b Mir  |c 1978 
300 |a 160 s. 
100 1 |a Lamoitier, Jean-Pierre